| 000 | 00570nam a22001817a 4500 | ||
|---|---|---|---|
| 010 | _a736198 | ||
| 035 | _a736198 | ||
| 037 | _bCen Lib / Ret | ||
| 040 |
_aDPL _bEn |
||
| 082 |
_a027.4 _bIFL |
||
| 110 | _aInternational Federation of Library Associations. | ||
| 245 |
_aIFLA General Council meeting, Budapest, 1972 / _cInternational Federation of Library Associations |
||
| 260 |
_a[s.n] _bs.l ; _c1972 |
||
| 300 |
_a28p : _b28cm(Hb) |
||
| 650 | _aLibrary science -- Congresses. | ||
| 650 | _aLibrary science. | ||
| 942 |
_2ddc _cEN _h027.4 _mIFL |
||
| 999 |
_c136939 _d136939 |
||